LEADER 01003nam a22002411i 4500 001 991004056799707536 005 20040715124530.0 008 040802s1984 it |||||||||||||||||ita 035 $ab13166037-39ule_inst 035 $aARCHE-111864$9ExL 040 $aBiblioteca Interfacoltà$bita$cA.t.i. Arché s.c.r.l. Pandora Sicilia s.r.l. 082 04$a303.6 245 00$aDisarmo, diritti umani, autodeterminazione dei popoli :$batti del convegno nazionale di Testimonianze (Firenze, 3-4 marzo 1984) 260 $a[S. Domenico di Fiesole] :$bTestimonianze,$c1984 300 $a1 v. ;$c21 cm 440 0$aTestimonianze ;$v264-266 650 4$aPacifismo 907 $a.b13166037$b02-04-14$c05-08-04 912 $a991004056799707536 945 $aLE002 SP 100/264-266$g1$i2002000357465$lle002$nC. 1$o-$pE0.00$q-$rl$so $t0$u0$v0$w0$x0$y.i13805605$z05-08-04 996 $aDisarmo, diritti umani, autodeterminazione dei popoli$9312288 997 $aUNISALENTO 998 $ale002$b05-08-04$cm$da $e-$fita$git $h0$i1 LEADER 01834nam 2200541Ia 450 001 9910779203803321 005 20230828212515.0 010 $a1-61300-062-6 035 $a(CKB)2550000000106916 035 $a(EBL)3116796 035 $a(SSID)ssj0000720606 035 $a(PQKBManifestationID)11467342 035 $a(PQKBTitleCode)TC0000720606 035 $a(PQKBWorkID)10668882 035 $a(PQKB)11260249 035 $a(MiAaPQ)EBC3116796 035 $a(Au-PeEL)EBL3116796 035 $a(CaPaEBR)ebr10572618 035 $a(OCoLC)802059770 035 $a(EXLCZ)992550000000106916 100 $a20061107d2006 uy 0 101 0 $aeng 135 $aur|n|---||||| 181 $ctxt 182 $cc 183 $acr 200 10$aFilter operations field guide$b[electronic resource] /$fNicholas G. Pizzi 210 $aDenver, CO $cAmerican Water Works Association$dc2006 215 $a1 online resource (58 p.) 225 1 $aScience and technology 300 $aDescription based upon print version of record. 311 $a1-58321-443-7 320 $aIncludes bibliographical references (p. 57). 327 $a""COVER ""; ""CHAPTER 1 Regulations and Theory""; ""CHAPTER 2 Operations""; ""CHAPTER 3 Filter Design and Backwash Criteria""; ""CHAPTER 4 Inspection and Maintenance""; ""APPENDIX Filter Terminology""; ""References"" 410 0$aScience and technology. 606 $aWater$xPurification$xFiltration 606 $aWater-supply engineering 615 0$aWater$xPurification$xFiltration. 615 0$aWater-supply engineering. 676 $a628.1/64 700 $aPizzi$b Nicholas G$0611414 801 0$bMiAaPQ 801 1$bMiAaPQ 801 2$bMiAaPQ 906 $aBOOK 912 $a9910779203803321 996 $aFilter operations field guide$93801188 997 $aUNINA LEADER 01238nam0 22003011i 450 001 UON00151721 005 20231205102925.301 100 $a20020107d1960 |0itac50 ba 101 $aper 102 $aIR 105 $a|||| 1|||| 200 1 $aAfsane va Roba'iyat$fNima 205 $aTehran : Keyhan$b1339 H. [1960] 210 $a144 p.$a23 cm 215 $aAltro front.: Afsaneh et Quatrains 510 1$3UON00369097$aAfsaneh et Quatrains 606 $aLETTERATURA PERSIANA$xPERIODO CONTEMPORANEO$xPOESIA$xNIMA YUSHIJ$3UONC005839$2FI 620 $aIR$dTihra?n$3UONL005570 686 $aIRA VI AEZ$cIRAN - LETTERATURA - PERSIANO - TESTI LETTERARI - PERIODO MODERNO E CONTEMPORA$2A 700 1$aYUSIJ$bNima$3UONV012046$0649481 712 $aKeyhan$3UONV248149$4650 801 $aIT$bSOL$c20240220$gRICA 899 $aSIBA - SISTEMA BIBLIOTECARIO DI ATENEO$2UONSI 912 $aUON00151721 950 $aSIBA - SISTEMA BIBLIOTECARIO DI ATENEO$dSI IRA VI AEZ 135 $eSI MR 73920 7 135 966 $aNIMA YUSHIJ$zLETTERATURA PERSIANA - PERIODO CONTEMPORANEO - POESIA - NIMA YUSHIJ$3UONC005840 996 $aAfsane va Roba'iyat$91274017 997 $aUNIOR